000 00329 a2200109 4500
001 ART_49462
005 20260410162042.0
008 260409a
245 1 0 _aEl régimen de promoción de la economía del conocimiento
100 1 _aCoronello, Silvina E.
773 0 _tImpuestos
_g- N°56 (jul. 2019)
_wREV45175
999 _c35031
_d35031